Normal view
MARC view
- الصمادي، دانه وائل محمد
Entry Personal Name
001 - CONTROL NUMBER
- control field: 65369
003 - CONTROL NUMBER IDENTIFIER
- control field: JO-AjAnu
005 - DATE AND TIME OF LATEST TRANSACTION
- control field: 20240415101904.0
008 - FIXED-LENGTH DATA ELEMENTS
- fixed length control field: 240415|| aca||aabn | a|a d
040 ## - CATALOGING SOURCE
- Original cataloging agency: JO-AjAnu
100 ## - HEADING--PERSONAL NAME
- Personal name: الصمادي، دانه وائل محمد
- Relator term: معد